Greys anatomy characters by actor - Statistics

General Stats
  • This quiz has been taken 525 times
  • The average score is 20 of 32
Answer Stats
Hint Answer % Correct
ellen pompeo meredith grey
99%
sandra oh cristina yang
95%
justin chambers alex karev
94%
katherine heigl izzie stevens
93%
t.r. knight george o'malley
91%
chandra wilson miranda bailey
88%
chyler leigh lexie grey
85%
patrick dempsey derek shepherd
84%
eric dane mark sloan
83%
jessica capshaw arizona robbins
80%
jesse williams jackson avery
79%
james pickens jr. richard webber
79%
sarah drew april kepner
78%
sara ramirez callie torres
78%
kevin mckidd owen hunt
78%
isaiah washington preston burke
78%
camilla luddington jo wilson
75%
kate walsh addison montgomery
74%
caterina scorsone amelia shepherd
68%
kim raver teddy altman
58%
giacomo gianniotti andrew deluca
55%
debbie allen catherine avery
55%
stefania spampinato carina deluca
45%
abigail spencer megan hunt
43%
kelly mccreary maggie pierce
37%
jason winston george ben warren
33%
chris carmack atticus lincoln (link)
30%
jerrika hinton stephanie edwards
28%
brooke smith erica hahn
26%
greg german tom koracick
15%
kathy c. an bokhee
14%
anthony hill winston ndugu
14%
No matching quizzes found
Score Distribution
Percent of People with Each Score
Percentile by Number Answered
Your Score History
You have not taken this quiz